| 000 | 00381nam a22001217a 4500 | ||
|---|---|---|---|
| 082 | _a200 THE | ||
| 100 |
_aNABEEL UR REHMAN RAJPUT _970507 |
||
| 245 | _aTH-SOF-1697-TAXI MODELLING OF UAV USING VISION BASED APPROACH | ||
| 260 |
_aISLAMABAD _bNUST COLLEGE OF EME _c2019 |
||
| 650 |
_aMS-MTS-2016 MSTHESIS _969683 |
||
| 700 |
_aSupervisor BRIG. DR. JAVAID IQBAL _969988 |
||
| 942 | _cCF | ||
| 999 |
_c577482 _d577482 |
||